logo

Bir Sreshtho Munshi Abdur Rouf Library
Jhenaidah Cadet College

নোবেল পুরস্কার জনক আলফ্রেড নোবেল / (Record no. 12596)

MARC details
000 -LEADER
fixed length control field 00878nam a2200253 a 4500
001 - CONTROL NUMBER
JCCL Control Number 12596
003 - CONTROL NUMBER IDENTIFIER
JCCL marc code BD-JhCC
005 - DATE AND TIME OF LATEST TRANSACTION
control field 20221013082339.0
008 - FIXED-LENGTH DATA ELEMENTS--GENERAL INFORMATION
fixed length control field 221011s20162021bg |||| |||| 000 0 ban d
020 ## - INTERNATIONAL STANDARD BOOK NUMBER
International Standard Book Number 9847012005309
035 ## - SYSTEM CONTROL NUMBER
system control number (BD-JhCC)12596
040 ## - CATALOGING SOURCE
Original cataloging agency BD-JhCC
Modifying agency BD-JhCC
041 ## - LANGUAGE CODE
Language code of Book Bangla
082 ## - DEWEY DECIMAL CLASSIFICATION NUMBER
Classification number 923
Author mark and Year KAB 2021
100 ## - MAIN ENTRY--PERSONAL NAME
Personal name কবীর, সাজ্জাদ
245 ## - TITLE STATEMENT
Title নোবেল পুরস্কার জনক আলফ্রেড নোবেল /
Statement of responsibility, etc সাজ্জাদ কবীর
260 ## - PUBLICATION, DISTRIBUTION, ETC. (IMPRINT)
Place of publication, distribution, etc ঢাকা :
Name of publisher, distributor, etc কথাপ্রকাশ,
Date of publication, distribution, etc ২০২১
300 ## - PHYSICAL DESCRIPTION
Pagination ৯৩ পৃ. :
Dimensions ২১ সেমি.
490 ## - SERIES STATEMENT
Series statement জীবনী গ্রন্থমালা
504 ## - BIBLIOGRAPHY, ETC. NOTE
Bibliography, etc গ্রন্থপঞ্জি অর্ন্তভূক্ত।
600 ## - SUBJECT ADDED ENTRY--PERSONAL NAME
Personal name Nobel, Alfred
650 ## - SUBJECT ADDED ENTRY--TOPICAL TERM
Topical term or geographic name as entry element Biography
942 ## - ADDED ENTRY ELEMENTS (KOHA)
Source of classification or shelving scheme Dewey Decimal Classification
Koha item type Books
Holdings
Source of classification or shelving scheme Damaged status Not for loan Home library Current library Shelving location Date of accession Cost, normal purchase price Total Checkouts Full call number Barcode Date last seen Copy number Koha item type
Dewey Decimal Classification     JCC Rouf Library JCC Rouf Library General Stacks 10/13/2022 72.00   923 KAB 2021 17483 10/13/2022 C-1 Books

JCC Library | Contacts | JCC Home

Last Update on 23 September 2017
Copyright @ 2017-2020 JCC Rouf Library
Rouf Library, Jhenidah Cadet College (JCC), Bangladesh